Géographie de la France par lettre - G - Statistiques

Statistiques générales
  • Ce quiz a été pris 18 765 fois
    18 607 depuis la dernière actualisation
  • Le résultat moyen est 10 sur 20
Statistiques - réponses
Question Réponse % Correct
Fleuve passant à Toulouse Garonne
97%
Département situé entre les Bouches-du-Rhône et l'Hérault Gard
90%
Département frontalier du Brésil Guyane
87%
Chef-lieu de l'Isère Grenoble
82%
Estuaire dans lequel se jette le fleuve prédecent Estuaire de la {Gironde}
79%
Archipel et département des antilles Guadeloupe
79%
Ville de Loire-Atlantique connue pour son sel Guérande
77%
Département ayant des villes comme Auch ou Condom Gers
76%
Île la plus peuplée de ce département {Grande}-Terre
72%
Sous-préfecture des Côtes-d'Armor, ayant un club de foot professionel Guingamp
60%
Ville la plus peuplée des Hautes-Alpes Gap
59%
Troisième île de ce département par superficie Île de Marie-{Galante}
45%
Chef-lieu d'un département du Limousin Guéret
33%
Seule sous-préfecture des Alpes-Maritimes Grasse
29%
Région naturelle française enclavée entre les mont du Jura et le Genevois Pays de {Gex}
22%
Rivière passant sous le pont du ___ (réponse précedente) Gardon
21%
Ville du Loiret, lègerement en dessous de 15 000 habitants Gien
12%
Région naturelle à cheval sur le Loiret et l'Île-de-France, comprenant la ville précedente Gâtinais
7%
Chef-lieu de Saint-Barthélémy Gustavia
5%
Îles ou Archipel de la Polynésie française. Accueille la zone de peuplement la plus orientale du territoire polynésien Archipel des {Gambier}
3%
Aucun quiz correspondant
Distribution des résultats
% des personnes avec chaque résultat
Percentile par nombre de réponses
Votre historique - résultats
Vous n’avez pas pris ce quiz depuis la dernière actualisation